| 000 | 01009nas a2200325 4500 | ||
|---|---|---|---|
| 001 | BR2010005723 | ||
| 003 | BR-BrBNA | ||
| 005 | 20231205114729.0 | ||
| 007 | ta | ||
| 008 | 230509b bl.|||p| |||| 00| 00por d | ||
| 040 |
_aBR-BrBNA _bpor _cBiblioteca Nacional de Agricultura |
||
| 041 | _a(Pt) | ||
| 072 | _aN10 | ||
| 100 | 1 | _aNavroski, M.C. | |
| 100 | 1 | _aLippert, D.B. | |
| 100 | 1 | _aCamargo, L. | |
| 100 | 1 | _aPereira, M. de O. | |
| 100 | 1 | _aHaselein, C.R. | |
| 245 | 1 | _aAvaliação do isolamento térmico de três diferentes materiais usados na construção e preenchimento de paredes externas | |
| 650 | _aCASCA DE ARROZ | ||
| 650 | _aCOMPENSADO | ||
| 650 | _aMADEIRA | ||
| 650 | _aCONSTRUÇÃO | ||
| 650 | _aISOLAMENTO | ||
| 650 | _aPROPRIEDADE MECANICA | ||
| 773 | 0 |
_tRevista Ciência da Madeira (Brazil) _xISSN 2177-6830 _g(May 2010), v. 1(1) p. 45-51 _wBR2010005723 |
|
| 856 | 4 | 0 | _dLink DSPACE/MAPA BR2010005723 |
| 909 |
_a202311 _bLúcia _c55 _dLúcia Elande |
||
| 942 |
_2AGRIS _n0 _cANA |
||
| 999 |
_c210203 _d210203 |
||